000 00424nam a22001817a 4500
003 MPLRDC
005 20220104143806.0
008 210129b ||||| |||| 00| 0 eng d
020 _a957-754-856-3
082 _a411.71 LEHM
100 _aLEHMANN
245 _a儿童的背部运动
_c
250 _a初版
260 _a
_b智慧大学
_c2001
300 _b
650 _a运动与健康
942 _cBK
_o411.71 LEHM
999 _c43378
_d43368